Hedging rizika pohybu úrokových sadzieb. 3
Úrokové swapy (Interest rate swaps) - výmena úrokov, resp. úrokových sadzieb, a to fixnej úrokovej sadzby a nejakej referenčnej pohyblivej úrokovej sadzby. Konkrétny príklad zabezpečenia sa proti riziku pohybu úrokových sadzieb úrokovým swapom.
Guardado en:
| Autor principal: | |
|---|---|
| Formato: | Capítulo de libro |
| Lenguaje: | eslovaco |
| Materias: | |
| Etiquetas: |
Sin Etiquetas, Sea el primero en etiquetar este registro!
|
MARC
| LEADER | 00000naa a2200000 4500 | ||
|---|---|---|---|
| 001 | r023275 | ||
| 005 | 20230824085509.1 | ||
| 041 | 0 | |a slo | |
| 044 | |a SK | ||
| 245 | 1 | 0 | |a Hedging rizika pohybu úrokových sadzieb. 3 |c A. Glasová |
| 520 | |a Úrokové swapy (Interest rate swaps) - výmena úrokov, resp. úrokových sadzieb, a to fixnej úrokovej sadzby a nejakej referenčnej pohyblivej úrokovej sadzby. Konkrétny príklad zabezpečenia sa proti riziku pohybu úrokových sadzieb úrokovým swapom. | ||
| 610 | 2 | 0 | |a sadzby úrokové |
| 610 | 2 | 0 | |a hedging |
| 610 | 2 | 0 | |a swap |
| 610 | 2 | 0 | |a úrok |
| 610 | 2 | 0 | |a riziko |
| 100 | 1 | |a Glasová, A. | |